| 000 | 00847nam a2200241Ia 4500 | ||
|---|---|---|---|
| 003 | IN-BaIIA | ||
| 008 | 211028s9999 xx s 000 0 eng d | ||
| 020 | _a978-94-007-1572-1 (Print) | ||
| 020 | _a978-94-007-1573-8 (Online) | ||
| 040 | _cIIA Library | ||
| 100 |
_aPenella-Lopez, Maria Teresa _939319 |
||
| 245 | 0 |
_aPowering Autonomous Sensors _h[eBook] |
|
| 260 |
_aDordrecht _bSpringer Netherlands _c2011 |
||
| 300 | _aOnline resource | ||
| 650 |
_a Circuits and Systems _938718 |
||
| 650 |
_a Electronic Circuits and Devices _938434 |
||
| 650 |
_a Electronics and Microelectronics, Instrumentation _938587 |
||
| 650 | _a Optics, Lasers, Photonics, Optical Devices | ||
| 650 |
_aPhysics _973 |
||
| 700 |
_aGasulla-Forner, Manuel _939320 |
||
| 856 |
_uhttp://doi.org/10.1007/978-94-007-1573-8 _yClick Here to Access eBook |
||
| 942 | _cEB | ||
| 999 |
_c21228 _d21228 |
||